| 000 | 00556nam a2200193 a 4500 | ||
|---|---|---|---|
| 001 | 000719997 | ||
| 003 | AM-YeHGA | ||
| 005 | 20250617142915.0 | ||
| 008 | 100310s1945 enk r 000 0 eng d | ||
| 040 | _aAM-YeHGA | ||
| 041 | 0 | _aeng | |
| 100 | 1 |
_aCoulton, George Gordon, _d1858-1947 |
|
| 245 | 1 | 0 |
_aFourscore years : _bAn autobiography / _cBy G. G. Coulton. |
| 260 |
_aCambridge [Eng.] : _bThe University press, _c1945. |
||
| 300 |
_avi, 378 p. : _b[1] l. front. ; ill. ; _c22 cm. |
||
| 600 | 1 | 4 | _aCoulton, G. G. |
| 650 | 1 | 4 | _aReligion |
| 090 | _c267715 | ||
| 999 |
_c266081 _d266081 |
||